00511ntaaa2200157 45000030003000000050017000030080021000200400037000410820015000781000024000932450122001172600038002393000011002775000042002886500023003300120251027203305.00714s1973 ag 01  aAR-BaBNbspacAR-BaBNeaacrdRIC a982.05 P41 aPérez, Joaquín  aArtigas, San Martín y los proyectos monárquicos en el Río de la Plata y Chile (1818-1820) / cJoaquín Pérez aBuenos Aires : bMisión, c1979 a280 p. aIncluye índice al final de la obra. aHISTORIA ARGENTINA